| 000 | 01030nam a2200253 a 4500 | ||
|---|---|---|---|
| 001 | BRCA_3755 | ||
| 005 | 20190320204419.0 | ||
| 008 | 240909s1985----be-a---###---#000-0#fre-# | ||
| 020 | _a2871630046 | ||
| 041 | _afre | ||
| 044 | _abe | ||
| 050 | 4 |
_aZ6028 _b.C37 1985 |
|
| 245 | 1 | 0 |
_aCartographie Belge _bdans les collections espagnoles : XVIe au XVIIIe siècle _cpublié sous la direction scientifique de C. Lemoine-Isabeau ; avec la collaboration de P. Bragard ... [et al.]. |
| 260 |
_aBruselas _bCrédit Communal _c1985 |
||
| 300 |
_a111 p. _bil. (algunas a color) _c30 cm. |
||
| 500 | _aCatálogo de la exposición realizada en el Museo Real del Ejército y de la Historia Militar (Bruselas), 1 octubre - 17 noviembre, 1985 | ||
| 500 | _aIncluye índice de nombres de personas | ||
| 650 | 1 | 4 |
_aCartografía _xHistoria _zBélgica _99788 |
| 650 | 1 | 4 |
_aCartografía _vExposiciones _99789 |
| 650 | 1 | 4 |
_aMapas _vCatálogos _xBibliografía _99790 |
| 700 | 1 |
_aLemoine-Isabeau, C _99791 |
|
| 700 | 1 |
_aBragard, P _99792 |
|
| 942 |
_2lcc _cB |
||
| 999 |
_c3484 _d3484 |
||